Posilnenie finančnej sily regiónov zvýšením daňových príjmov cez širšie portfólio priamych daní
Stanovenie podielu jednotlivých úrovní samosprávy na dani z príjmov právnických osôb. Model nového rozpočtového určenia daní. Podstata, popis, zhodnotenie dopadov navrhovaných zmien.
Saved in:
| Main Author: | |
|---|---|
| Format: | Book Chapter |
| Language: | Slovak |
| Subjects: | |
| Tags: |
No Tags, Be the first to tag this record!
|
MARC
| LEADER | 00000nla a2200000 4500 | ||
|---|---|---|---|
| 001 | 0161861 | ||
| 005 | 20240502072816.1 | ||
| 041 | 0 | |a slo | |
| 044 | |a SK | ||
| 245 | 1 | 0 | |a Posilnenie finančnej sily regiónov zvýšením daňových príjmov cez širšie portfólio priamych daní |c Zuzana Neupauerová |
| 520 | |a Stanovenie podielu jednotlivých úrovní samosprávy na dani z príjmov právnických osôb. Model nového rozpočtového určenia daní. Podstata, popis, zhodnotenie dopadov navrhovaných zmien. | ||
| 610 | 2 | 0 | |a samospráva miestna |
| 610 | 2 | 0 | |a príjmy |
| 610 | 2 | 0 | |a dane podielové |
| 610 | 2 | 0 | |a dane z príjmov |
| 610 | 2 | 0 | |a osoby právnické |
| 100 | 1 | |a Neupauerová, Zuzana | |